000 00763nim a22002775 4500
001 BK0010032921
005 20241220131235.0
008 110805 eng
020 _a9781427214966 : CMD
_c$34.99
020 _a1427214964 : CMD
_c$34.99
037 _bSt Martins Pr, C/O Mps 175 Fifth Ave, New York, NY, USA, 10010
_nSAN 631-5011
040 _erda
050 _aPS
082 _a813
092 _a813.0000
092 _aEVANOVICH
100 _aEvanovich, Janet/ Kelly, Dorien
_96225756
245 0 0 _aLove in a Nutshell
260 _bSt Martins Pr
_c2012
264 _aUSA
_bSt Martins Pr
_c2012
300 _a6 cds (6.5 hours)
942 _cAUDIOBOOK
_2ddc
999 _c79317
_d79317